| 000 | 00731nam a22002175i 4500 | ||
|---|---|---|---|
| 001 | 54869 | ||
| 003 | ES-MaACL | ||
| 005 | 20250809090346.0 | ||
| 007 | t| | ||
| 008 | 960726m18811884fr ||||1| fre d | ||
| 100 | 1 |
_aGambetta, Leon. _953756 |
|
| 245 | 1 | 0 |
_aDiscours et plaidoyers politiques de M. Gambetta / _cpubliés par M. Joseph Reinach. |
| 250 | _aEd. complète. | ||
| 260 |
_aParis : _bG. Charpentier, _c1881-1884 ( _fTyp. Georges Chamerot) |
||
| 300 |
_a10 v. ; _c22 cm. |
||
| 651 | 4 |
_aFrancia- _xPolítica y gobierno- _y1870-1940. _9162878 |
|
| 651 | 4 |
_aFrancia- _xHistoria- _y1870-1940, III República _98697 |
|
| 700 | 1 |
_aReinach, Joseph. _996038 |
|
| 852 |
_aES-MaACL _jF-11092-101 |
||
| 999 |
_c54869 _d54869 |
||